000 00437cam a22001217a 4500
008 180718b1973 xxu||||| |||| 00| 0 eng d
082 _aA81x54 In2/71/24/PT3A&3B
100 _aCensus of India 1971
245 _aArunachal Pradesh: establishment report, establishment tables
260 _aDelhi
_bThe Manager of Publications
_c1973
300 _a216+p.
440 _aCensus of India 1971. Series-24, Arunachal Pradesh. Part III-A & Part III-B
999 _c485602
_d485602